Pharmacology / (Record no. 18676)
[ view plain ]
| 000 -LEADER | |
|---|---|
| fixed length control field | 01072nam a22002897a 4500 |
| 005 - DATE AND TIME OF LATEST TRANSACTION | |
| control field | 20141127103805.0 |
| 008 - FIXED-LENGTH DATA ELEMENTS--GENERAL INFORMATION | |
| fixed length control field | 141127t2006 xxua fr 001 0 eng d |
| 020 ## - INTERNATIONAL STANDARD BOOK NUMBER | |
| International Standard Book Number | 9780781741187 |
| 020 ## - INTERNATIONAL STANDARD BOOK NUMBER | |
| International Standard Book Number | 0781741181 |
| 040 ## - CATALOGING SOURCE | |
| Original cataloging agency | EG-ScBUE |
| 082 00 - DEWEY DECIMAL CLASSIFICATION NUMBER | |
| Edition number | 22 |
| Classification number | 615.1076 |
| Item number | HOW |
| 100 1# - MAIN ENTRY--PERSONAL NAME | |
| Personal name | Howland, Richard D. |
| 9 (RLIN) | 36677 |
| 245 10 - TITLE STATEMENT | |
| Title | Pharmacology / |
| Statement of responsibility, etc | Richard D. Howland, Mary J. Mycek ; editors Richard A. Harvey, Pamela C. Champe. |
| 250 ## - EDITION STATEMENT | |
| Edition statement | 3rd ed. |
| 260 ## - PUBLICATION, DISTRIBUTION, ETC. (IMPRINT) | |
| Place of publication, distribution, etc | Baltimore, United States : |
| Name of publisher, distributor, etc | Lippincott Williams & Wilkins, |
| Date of publication, distribution, etc | c.2006. |
| 300 ## - PHYSICAL DESCRIPTION | |
| Extent | vii, 552 p. : |
| Other physical details | ill. (col.) ; |
| Dimensions | 28 cm. |
| 490 0# - Series Statement | |
| Series statement | Lippincott's illustrated reviews |
| 500 ## - GENERAL NOTE | |
| General note | Index : p. 525-552. |
| 650 #0 - SUBJECT ADDED ENTRY--TOPICAL TERM | |
| 9 (RLIN) | 36103 |
| Topical term or geographic name as entry element | Pharmacology |
| Form subdivision | Examinations, questions, etc. |
| 650 #0 - SUBJECT ADDED ENTRY--TOPICAL TERM | |
| 9 (RLIN) | 36102 |
| Topical term or geographic name as entry element | Pharmacology |
| Form subdivision | Outlines, syllabi, etc. |
| 653 ## - INDEX TERM--UNCONTROLLED | |
| Resource For college | Pharmacy |
| Arrived date list | November2014 |
| 655 ## - INDEX TERM--GENRE/FORM | |
| Form subdivision | |
| -- | 34232 |
| 700 1# - ADDED ENTRY--PERSONAL NAME | |
| Personal name | Mycek, Mary J. |
| 9 (RLIN) | 36678 |
| Dates associated with a name | 1926- |
| Fuller form of name | (Mary Julia), |
| 700 1# - ADDED ENTRY--PERSONAL NAME | |
| 9 (RLIN) | 30034 |
| Personal name | Harvey, Richard A., |
| Titles and other words associated with a name | Ph. D. |
| Relator term | editor. |
| 700 1# - ADDED ENTRY--PERSONAL NAME | |
| Personal name | Champe, Pamela C. |
| 9 (RLIN) | 30183 |
| Relator term | editor. |
| 942 ## - ADDED ENTRY ELEMENTS (KOHA) | |
| Source of classification or shelving scheme | Dewey Decimal Classification |
| Call number prefix | 615.1076 HOW |
| Withdrawn status | Item status | Source of classification or shelving scheme | Damaged status | Not for loan | Vendor | Home library | Current library | Shelving location | Date acquired | Source of acquisition | Cost, normal purchase price | Serial Enumeration / chronology | Total Checkouts | Total Renewals | Full call number | Barcode | Date last seen | Date last borrowed | Cost, replacement price | Koha item type |
|---|---|---|---|---|---|---|---|---|---|---|---|---|---|---|---|---|---|---|---|---|
| Dewey Decimal Classification | Baccah | Central Library | Central Library | First floor | 27/11/2014 | 230.00 | 20677 | 3 | 36 | 615.1076 HOW | 000037058 | 15/07/2025 | 05/11/2020 | 287.75 | Book - Borrowing |